Plan piloto para disminuir el nivel de riesgo de los accidentes de tránsito. Aplicado a ruta 1 y ruta 32
Salvato in:
| Autore principale: | |
|---|---|
| Natura: | Libro |
| Pubblicazione: |
San José, C.R.
1998
|
| Soggetti: | |
| Tags: |
Aggiungi Tag
Nessun Tag, puoi essere il primo ad aggiungerne!!
|
MARC
| LEADER | 00000nam a2200000Ia 4500 | ||
|---|---|---|---|
| 003 | 008422 | ||
| 005 | 20221231144225.0 | ||
| 008 | 140114s1998 cr a m 000 ||s d | ||
| 040 | |c cru CEDI | ||
| 090 | |a TFG 3819 | ||
| 100 | |a Campos García, Diego |9 9154 | ||
| 245 | |a Plan piloto para disminuir el nivel de riesgo de los accidentes de tránsito. Aplicado a ruta 1 y ruta 32 | ||
| 260 | |c 1998 |a San José, C.R. | ||
| 300 | |a 83 páginas : ilustraciones | ||
| 500 | |a Proyecto de graduación (licenciatura en ingeniería civil)--Universidad de Costa Rica. Escuela de Ingeniería Civil | ||
| 650 | |x ACCIDENTES DE TRANSITO |x REGLAMENTOS DEL TRANSITO |x SEÑALES DE TRANSITO - INVESTIGACIONES |9 9155 | ||
| 942 | |c TFG | ||
| 999 | |c 18693 |d 18693 | ||
